| Поле | Инд. | ПП | Название | Значение |
|---|---|---|---|---|
| Тип записи | a | |||
| Библиографический уровень | b | |||
| 001 | Контрольный номер | RU/IS/BASE/505924638 | ||
| 005 | Дата корректировки | 20200522191754.4 | ||
| 008 | Кодируемые данные | 20160112 | ||
| 040 | b | Код языка каталог. | rus | |
| e | Правила каталог. | PSBO | ||
| 041 | 0_ | a | Код языка текста | rus |
| 084 | a | Индекс другой классификации/Индекс ББК | 87.3(5Япо)4 | |
| 100 | 1_ | a | Автор | Федянина В. А. |
| q | Полное имя | Федянина Владлена Анатольевна | ||
| 245 | 10 | a | Заглавие | Концепция управления Японией в историческом труде Дзиэна "Гукансё" |
| 504 | a | Библиография | Библиогр. - Примеч.: с. 158 - 159 | |
| 520 | 0_ | a | Аннотация | В статье рассматривается концепция управления Японией, сформулированная монахом Дзиэном в историческом труде "Гукансё" ("Мои личные выборки", ок. 1221 г.) В нем обосновывается легитимность новой военной власти, которую Дзиэн связывает сдавно существовавшей системой дуального правления государей и регентов из рода Фудзивара. Мы анализируем особенности мировоззрения Дзиэна и обусловленные ими представления об управлении Японией в различные периоды ее истории |
| 600 | a | Персоналии | Дзиэн | |
| 650 | 14 | a | Основная рубрика | история философии |
| a | Основная рубрика | философия | ||
| 653 | 1_ | a | Ключевые слова | "Гукансе" ("Записки глупца") |
| a | Ключевые слова | XIII век | ||
| a | Ключевые слова | буддизм | ||
| a | Ключевые слова | военное правление | ||
| a | Ключевые слова | время | ||
| a | Ключевые слова | государственная власть | ||
| a | Ключевые слова | государственное управление | ||
| a | Ключевые слова | закон | ||
| a | Ключевые слова | ками | ||
| a | Ключевые слова | религия | ||
| a | Ключевые слова | средние века | ||
| a | Ключевые слова | Япония | ||
| 773 | 08 | t | Заглавие источника | Вопросы философии |
| d | Дата издания источника | 2015 | ||
| g | Прочая информация | № 7. - С. 150 - 159 | ||
| w | Контрольный № источника | RU/IS/BASE/492608975 | ||
| 901 | t | Тип документа | b |